[Event "Hamburg-ch Seniors op 16th"]
[Site "Hamburg"]
[Date "2009.11.08"]
[Round "9"]
[White "Nendza, Jan"]
[Black "Meyer, Hans Georg"]
[Result "1-0"]
[WhiteElo "1422"]
[BlackElo "1351"]
[PlyCount "78"]
[EventDate "2009.10.31"]
[EventType "swiss"]
[EventRounds "9"]
[EventCountry "GER"]
[SourceTitle "EXT 2022"]
[Source "ChessBase"]
[SourceDate "2021.10.06"]
[SourceVersion "1"]
[SourceVersionDate "2021.10.06"]
[SourceQuality "1"]

1. e4 e6 2. Nf3 d5 3. e5 c5 4. d4 Qb6 5. Be2 Nc6 6. dxc5 Bxc5 7. 0-0 Bd7 8. Nc3 Nge7 9. a3 Ng6 10. b4 Bf8 11. Be3 Qc7 12. Bd4 Nce7 13. Bb5 Nc6 14. Bxc6 bxc6 15. Na4 Be7 16. Re1 0-0 17. Bc5 Rab8 18. Bxe7 Nxe7 19. Nc5 Bc8 20. Qd3 Rb6 21. Nd4 Ng6 22. Nf3 h6 23. g3 Ne7 24. Nd4 Ng6 25. f4 Qe7 26. c3 Bb7 27. a4 Bc8 28. a5 Nxf4 29. gxf4 Ba6 30. Nxa6 Rb7 31. Nc5 Rfb8 32. Nxc6 Qh4 33. Nxb8 Rxb8 34. Qg3 Qe7 35. Re2 Kh8 36. Rd1 Rg8 37. Rg2 f6 38. Qg6 a6 39. exf6 Qxf6 1-0

[Event "Hamburg-ch Seniors op 16th"]
[Site "Hamburg"]
[Date "2009.11.03"]
[Round "4"]
[White "Seemann, Hans Siegfried"]
[Black "Nendza, Jan"]
[Result "1-0"]
[WhiteElo "1676"]
[BlackElo "1422"]
[PlyCount "51"]
[EventDate "2009.10.31"]
[EventType "swiss"]
[EventRounds "9"]
[EventCountry "GER"]
[SourceTitle "EXT 2022"]
[Source "ChessBase"]
[SourceDate "2021.10.06"]
[SourceVersion "1"]
[SourceVersionDate "2021.10.06"]
[SourceQuality "1"]

1. e4 c5 2. Nf3 e6 3. d4 cxd4 4. Nxd4 Nc6 5. Nc3 Nxd4 6. Qxd4 Qf6 7. e5 Qe7 8. Be3 f6 9. 0-0-0 fxe5 10. Qxe5 Qf6 11. Qe4 Qg6 12. Qa4 a6 13. Bd3 Qxg2 14. Be4 Qh3 15. Bxb7 Rb8 16. Bxc8 Nf6 17. Bxd7+ Kf7 18. Rhe1 Nxd7 19. Rxd7+ Be7 20. Bg5 Rhe8 21. Qa3 Qf5 22. Rxe7+ Rxe7 23. Qxe7+ Kg6 24. Rxe6+ Kh5 25. Re5 Qxf2 26. Be3+ 1-0

[Event "Hamburg-ch Seniors op 15th"]
[Site "Hamburg"]
[Date "2008.10.28"]
[Round "2"]
[White "Nendza, Jan"]
[Black "Putzbach, Gerd"]
[Result "0-1"]
[WhiteElo "1483"]
[BlackElo "2201"]
[PlyCount "56"]
[EventDate "2008.10.27"]
[EventType "swiss"]
[EventRounds "9"]
[EventCountry "GER"]
[SourceTitle "EXT 2022"]
[Source "ChessBase"]
[SourceDate "2021.10.06"]
[SourceVersion "1"]
[SourceVersionDate "2021.10.06"]
[SourceQuality "1"]

1. e4 c5 2. Nf3 d6 3. Nc3 a6 4. Bc4 e6 5. d4 b5 6. Be2 cxd4 7. Nxd4 Bb7 8. Bf3 Qc7 9. 0-0 Nd7 10. Re1 Ngf6 11. Bg5 Be7 12. a3 0-0 13. Qd2 Ne5 14. Bxf6 Bxf6 15. Bh5 Nc4 16. Qd3 Nxb2 17. Qd2 Rac8 18. Nde2 Bxc3 19. Nxc3 Qxc3 20. Qxd6 Qxc2 21. Bf3 Rfd8 22. Qf4 Nd3 23. Qe3 Nxe1 24. Qxe1 Rd2 25. Rd1 Rxd1 26. Bxd1 Qxe4 27. Qf1 Rc1 28. h3 Rxd1 0-1

[Event "Malente Silent op"]
[Site "Malente"]
[Date "2004.07.31"]
[Round "6"]
[White "Christie, John"]
[Black "Nendza, Jan"]
[Result "0-1"]
[WhiteElo "1805"]
[BlackElo "1805"]
[PlyCount "102"]
[EventDate "2004.08.04"]
[EventType "swiss"]
[EventRounds "9"]
[EventCountry "GER"]
[SourceTitle "EXT 2006"]
[Source "ChessBase"]
[SourceDate "2005.11.24"]
[SourceVersion "1"]
[SourceVersionDate "2005.11.24"]
[SourceQuality "1"]

1. e4 c5 2. Nf3 e6 3. d4 d5 4. e5 a6 5. Nc3 Nc6 6. Be3 Qb6 7. Rb1 f6 8. exf6 Nxf6 9. Be2 Bd7 10. a3 0-0-0 11. 0-0 h6 12. h3 Bd6 13. Na4 Qa7 14. c3 c4 15. b4 b5 16. Nc5 Bxc5 17. bxc5 Ne4 18. Qc2 Qc7 19. a4 Qa5 20. axb5 axb5 21. Qd2 Nxd2 22. Bxd2 Be8 23. Ra1 Qc7 24. Rfb1 Na7 25. Ra2 Kb7 26. Rba1 Ra8 27. Ne1 Bd7 28. Nc2 Nc6 29. Rxa8 Rxa8 30. Rxa8 Kxa8 31. f3 Qa5 32. Ne3 Qa2 33. Nf1 Na5 34. Kf2 Nb3 35. Ke3 Kb7 36. g4 Be8 37. h4 Qc2 38. f4 Nxd2 39. Nxd2 Qxc3+ 40. Kf2 Qxd2 41. g5 Qxf4+ 42. Ke1 hxg5 43. hxg5 Qxg5 44. Kd1 Bg6 45. Ke1 b4 46. Kd1 b3 47. Ke1 Qg1+ 48. Kd2 Qxd4+ 49. Bd3 Bxd3 50. c6+ Kc7 51. Kd1 c3 0-1

[Event "Malente Silent op"]
[Site "Malente"]
[Date "2004.07.26"]
[Round "2"]
[White "Nendza, Jan"]
[Black "Filatov, Boris"]
[Result "0-1"]
[WhiteElo "1805"]
[BlackElo "1805"]
[PlyCount "36"]
[EventDate "2004.08.04"]
[EventType "swiss"]
[EventRounds "9"]
[EventCountry "GER"]
[SourceTitle "EXT 2006"]
[Source "ChessBase"]
[SourceDate "2005.11.24"]
[SourceVersion "1"]
[SourceVersionDate "2005.11.24"]
[SourceQuality "1"]

1. d4 e5 2. dxe5 Qe7 3. Nf3 Nc6 4. Bf4 Qb4+ 5. Bd2 Qxb2 6. Bc3 Bb4 7. Kd2 Qxa1 8. Qc1 Bxc3+ 9. Nxc3 Qxc1+ 10. Kxc1 a6 11. Nd5 Kd8 12. Ng5 Nxe5 13. f4 h6 14. Ne4 Ng6 15. g3 c6 16. Nb6 Rb8 17. Nd6 Kc7 18. Nxf7 Kxb6 0-1